000 00363nam a22001337a 4500
008 250917b |||||||| |||| 00| 0 eng d
020 _a9789787985236
050 _aHM691
_b.E75
100 _aErinosho olayiwola
245 _aSnapshots of a wandering sociologist around the world
260 _aOgun
_bBulwark consult
_c2004
300 _aix,119p.
_bill.
942 _cBK
999 _c4492
_d4492